01266nam a2200241 i 4500003000900000005001700009007000300026008004100029020001900070040003000089041000800119082001700127100003400144245004500178264006800223300003600291336002700327337003400354338002800388500004800416520053800464650002201002DO-SdBNP20260525113201.0ta260525e2019 dr ||||gr|||||||| |bspa d a9789945169973. aDO-SdBNPbspacBNPHUerda aspa bQ5p 2019222 aQuezada, Lonni,d1986-eautor aPluma, amor y lectura / cLonni Quezada. aSanto Domingo, República Dominicana : bEditora Buho, c2019. a134 páginas ; c23 x 15.5 cm. atextobtxt2rdacontent asin mediación bn2rdamedia avolumenbnc2rdacarrier aIncluye biografía del autor en la solapa. aBenjamín es un adolescente que, pese a la situación precaria de su familia, no se ceja en su esfuerzo por labrarse un futuro mejor. En la biblioteca de su pueblo natal San Vicente, conoce a Roxana, quien lo introduce en el fascinante mundo de la literatura. Escribir se convertirá en una obsesión y matricular en la universidad será su prioridad. Con esfuerzo y dedicación lo logra y, en ese bregar, el amor inocente y puro de la primera juventud lo sorprende. Es una novela en la que muchos podrán sentirse reflejados. 0aNovela dominicana